| 000 | 00719cam a22002413a 4500 | ||
|---|---|---|---|
| 999 |
_c8032 _d8032 |
||
| 001 | 8032 | ||
| 003 | BD-JhCC | ||
| 005 | 20180717091537.0 | ||
| 008 | 180716e1964 xxk g |||||||0|f eng|d | ||
| 035 | _a(BD-JhCC)8032 | ||
| 035 | _a(StEdALDL)1/3518965 | ||
| 040 |
_aUK-WkNB _cUK-WkNB _dBD-JhCC |
||
| 041 | _aeng | ||
| 082 | 0 | 4 |
_a823.91 _bGAL 1964 |
| 100 | 1 |
_aGallico, Paul, _d1897-1976. |
|
| 245 | 1 | 4 |
_aThe snow goose, the small miracle / _cPaul Gallico |
| 250 | _aSpecial ed. | ||
| 260 |
_aGloucester : _bThe Wildfowl & Wetlands Trust : _b[distributor] The Wildfowl & Wetlands Trust, _c1964. |
||
| 300 |
_a59 p. : _b ill. ; _c20 cm |
||
| 600 |
_aGallico, Paul, _d1897-1976 |
||
| 942 |
_2ddc _cBK |
||